| 000 | 01157nas a2200325 4500 | ||
|---|---|---|---|
| 001 | BR2013002902 | ||
| 003 | BR-BrBNA | ||
| 005 | 20231205122204.0 | ||
| 007 | ta | ||
| 008 | 230509b bl.|||p| |||| 00| 00por d | ||
| 040 |
_aBR-BrBNA _bpor _cBiblioteca Nacional de Agricultura |
||
| 041 | _a(Pt) | ||
| 072 | _aF06 | ||
| 100 | 1 | _aPaulino, M.A. de O. | |
| 100 | 1 | _aFigueiredo, F.P. de | |
| 100 | 1 | _aFernandes, R.C. | |
| 100 | 1 | _aMaia, J.T.L.S. | |
| 100 | 1 | _aGuilherme, D.de O. | |
| 100 | 1 | _aBarbosa, F.S. | |
| 245 | 1 | _aAvaliação da uniformidade e eficiência de aplicação de água em sistemas de irrigação por aspersão convencional | |
| 246 | 1 | _aEvaluation of the uniformity and efficiency of water application in systems of irrigation for sprinkle irrigation | |
| 650 | _aIRRIGAÇÃO | ||
| 650 | _aIRRIGACAO POR ASPERSÃO | ||
| 650 | _aMANEJO DE ÁGUA | ||
| 650 | _aDISPONIBILIDADE DE ÁGUA | ||
| 773 | 0 |
_tRevista Brasileira de Agricultura Irrigada (Brazil) _xISSN 1982-7679 _g(2009), v. 3(2) p. 48-54 _wBR2013002902 |
|
| 856 | 4 | 0 | _dLink DSPACE/MAPA BR2013002902 |
| 909 |
_a202311 _bLúcia _c55 _dLúcia Elande |
||
| 942 |
_2AGRIS _n0 _cANA |
||
| 999 |
_c227368 _d227368 |
||